000 00535 a2200169 4500
003 OSt
005 20240808151311.0
008 230819b |||||||| |||| 00| 0 eng d
020 _a9789352718603
040 _coclc
082 _a657
_bMAH/I
100 _aMaheshwari, S N
_91048
245 _aAN INTRODUCTION TO ACCOUNTANCY /
_cS N Maheshwari, Suneel K Maheshwari, Sharad K Maheshwari
250 _a12ED
260 _aNew Delhi:
_bVikas publishing house,
_c2020.
942 _2ddc
_cBK
_h657
_iMAH/I
_k657
_mMAH/I
999 _c41930
_d41930